| 000 | 00450nam a2200181Ia 4500 | ||
|---|---|---|---|
| 001 | 9269 | ||
| 005 | 20260306160711.0 | ||
| 008 | 260306t2006||||xx |||||||||||||| ||spa|| | ||
| 041 | _aESP | ||
| 082 |
_a378.01 _bC32 |
||
| 100 |
_aCaselli, Clara _eAUT |
||
| 245 | 0 |
_aNon profit, universidad y desarrollo: _bel caso de Lima Norte |
|
| 260 | _c2006 | ||
| 300 |
_a241 páginas : _c20 cm. |
||
| 650 | _aGEN | ||
| 654 | _aCED | ||
| 942 |
_cLIB _dJUS _fJUS _2ddc _n |
||
| 999 |
_c9269 _d9269 |
||